| 000 | 00537nam a22001697a 4500 | ||
|---|---|---|---|
| 003 | OSt | ||
| 005 | 20260220160950.0 | ||
| 008 | 260220b |||||||| |||| 00| 0 eng d | ||
| 040 | _cMRSPTU | ||
| 041 | _aEnglish | ||
| 100 | _aGeetinder Kaur, Supervisor: Dr. Bal Krishan | ||
| 245 | _aEffect on Compressive Strength of Concrete by Adding Glass Fibres | ||
| 260 |
_bDepartment of Civil Engg. MRSPTU, Bathinda _c2017 |
||
| 650 | _aCivil Engineering | ||
| 856 | _uhttp://163.47.215.52:8080/jspui/handle/123456789/354 | ||
| 942 |
_2ddc _cTH _n0 |
||
| 999 |
_c10979 _d10979 |
||